[Event "St Petersburg White Nights op"]
[Site "St Petersburg"]
[Date "2010.06.19"]
[Round "4"]
[White "Letov, Petr"]
[Black "Sinajskij, Anatolij"]
[Result "1-0"]
[WhiteElo "2211"]
[BlackElo "2087"]
[PlyCount "77"]
[EventDate "2010.06.16"]
[EventType "swiss"]
[EventRounds "9"]
[EventCountry "RUS"]
[SourceTitle "EXT 2011"]
[Source "ChessBase"]
[SourceDate "2010.11.26"]
[SourceVersion "1"]
[SourceVersionDate "2010.11.26"]
[SourceQuality "1"]

1. e4 c5 2. Nf3 Nc6 3. d4 cxd4 4. Nxd4 Qc7 5. Nc3 e6 6. g3 a6 7. Bg2 Nf6 8. 0-0 Be7 9. Re1 d6 10. Be3 0-0 11. Nxc6 bxc6 12. Na4 Rb8 13. c4 e5 14. b3 Be6 15. Nc3 Rfd8 16. Rc1 Qd7 17. f4 Ng4 18. Qf3 Nxe3 19. Qxe3 exf4 20. gxf4 Qb7 21. Kh1 Bh4 22. Rf1 Qe7 23. Ne2 Bd7 24. Nd4 Re8 25. Nf3 Bf6 26. c5 Bb2 27. Rcd1 d5 28. Qd2 Ba3 29. exd5 cxd5 30. Ne5 Bb5 31. Bxd5 Red8 32. Rg1 Rxd5 33. Qxd5 Bxc5 34. Rge1 Bb4 35. Re4 a5 36. Nd7 Qxd7 37. Qxd7 Bxd7 38. Rxd7 g6 39. Rc4 1-0

[Event "St Petersburg White Nights op"]
[Site "St Petersburg"]
[Date "2009.06.16"]
[Round "8"]
[White "Pyatin, Alexander"]
[Black "Sinajskij, Anatolij"]
[Result "1-0"]
[WhiteElo "2016"]
[BlackElo "2100"]
[PlyCount "77"]
[EventDate "2009.06.09"]
[EventType "swiss"]
[EventRounds "9"]
[EventCountry "RUS"]
[SourceTitle "EXT 2011"]
[Source "ChessBase"]
[SourceDate "2010.11.26"]
[SourceVersion "1"]
[SourceVersionDate "2010.11.26"]
[SourceQuality "1"]

1. e4 d6 2. d4 Nf6 3. Nc3 g6 4. Be3 c6 5. Qd2 Nbd7 6. 0-0-0 Qc7 7. h3 b5 8. f3 a6 9. a3 Bb7 10. g4 c5 11. dxc5 Nxc5 12. e5 Nd5 13. exd6 exd6 14. Bxc5 Nxc3 15. Qxc3 Bh6+ 16. Kb1 0-0-0 17. Bd4 Rhe8 18. Qxc7+ Kxc7 19. Bf6 Rc8 20. g5 Bf8 21. h4 Re3 22. Bd4 Re7 23. Bh3 Rce8 24. Bg4 h5 25. gxh6 Bxh6 26. h5 Re1 27. Rxe1 Rxe1+ 28. Ka2 Bd5+ 29. b3 f5 30. hxg6 fxg4 31. Rxh6 gxf3 32. g7 Re8 33. Rf6 Rg8 34. Rf5 Be4 35. Rf7+ Kc6 36. Nxf3 Kd5 37. Bb2 Bxc2 38. Rf8 Bh7 39. Ng5 1-0

[Event "St Petersburg Autumn op"]
[Site "St Petersburg"]
[Date "2009.??.??"]
[Round "1"]
[White "Kiseleva, Arina"]
[Black "Sinajskij, Anatolij"]
[Result "1/2-1/2"]
[WhiteElo "1870"]
[BlackElo "2100"]
[PlyCount "135"]
[EventDate "2009.10.??"]
[EventType "swiss"]
[EventRounds "9"]
[EventCountry "RUS"]
[SourceTitle "EXT 2011"]
[Source "ChessBase"]
[SourceDate "2010.11.26"]
[SourceVersion "1"]
[SourceVersionDate "2010.11.26"]
[SourceQuality "1"]

1. d4 Nf6 2. c4 c5 3. d5 e5 4. Nc3 d6 5. e4 Be7 6. Be2 Nbd7 7. Nf3 Nf8 8. Bg5 h6 9. Bh4 Ng6 10. Bg3 0-0 11. 0-0 Nh7 12. Bd3 Ng5 13. Nxg5 hxg5 14. a3 Nf4 15. Bc2 g6 16. f3 Kg7 17. Qd2 Rh8 18. Ne2 Bd7 19. Rfc1 Nh5 20. Bf2 Qg8 21. b4 b6 22. bxc5 bxc5 23. Rab1 Qh7 24. Rb7 Nf6 25. Bg3 Rhb8 26. Rcb1 Qh8 27. Qxg5 Rxb7 28. Rxb7 Qc8 29. Rb1 Nxd5 30. Bxe5+ f6 31. exd5 dxe5 32. Qxg6+ Kf8 33. Qh6+ Ke8 34. d6 Bxd6 35. Qxf6 Be7 36. Qxe5 Qa6 37. Nf4 Qf6 38. Re1 Qxe5 39. Rxe5 Kd8 40. Ng6 Bd6 41. Rd5 Kc7 42. Rd1 Be6 43. Be4 Rb8 44. Rb1 Rxb1+ 45. Bxb1 Bxc4 46. h4 Bg8 47. h5 c4 48. h6 Bh7 49. Kf2 Bxa3 50. f4 Kd6 51. g4 Bc1 52. Bf5 Bxg6 53. Bxg6 Bxf4 54. h7 Be5 55. Bc2 Bg7 56. Ke3 Ke5 57. g5 a5 58. g6 Bf6 59. Bd1 Kf5 60. Bc2+ Kg5 61. Kd2 Kf4 62. Ke2 Bc3 63. Kf2 Bg7 64. Ke2 Bd4 65. Ba4 Bg7 66. Bc2 Bf6 67. Kf2 c3 68. Ke2 1/2-1/2

[Event "St Petersburg Nov op"]
[Site "St Petersburg"]
[Date "2008.11.02"]
[Round "2"]
[White "Nikitinyh, Boris Aleksandrovic"]
[Black "Sinajskij, Anatolij"]
[Result "1-0"]
[WhiteElo "2215"]
[BlackElo "2098"]
[PlyCount "63"]
[EventDate "2008.11.01"]
[EventType "swiss"]
[EventRounds "9"]
[EventCountry "RUS"]
[SourceTitle "EXT 2010"]
[Source "ChessBase"]
[SourceDate "2010.11.25"]
[SourceVersion "1"]
[SourceVersionDate "2010.11.25"]
[SourceQuality "1"]

1. e4 d6 2. d4 Nf6 3. f3 g6 4. Be3 c6 5. Qd2 Nbd7 6. a4 a5 7. Nc3 Bg7 8. Bc4 0-0 9. Nge2 d5 10. Bb3 dxe4 11. Nxe4 Nxe4 12. fxe4 e5 13. d5 cxd5 14. exd5 Nf6 15. 0-0 Ng4 16. Bc5 Bh6 17. Qd3 Bf5 18. Qg3 Rc8 19. Bxf8 Be3+ 20. Kh1 Qxf8 21. Rxf5 gxf5 22. Rf1 Qb4 23. h3 Bf2 24. Qf3 Ne3 25. Rxf2 Qe1+ 26. Kh2 f4 27. Nxf4 exf4 28. Qxf4 f5 29. Qg3+ Kh8 30. Qe5+ Kg8 31. d6+ Rc4 32. Bxc4+ 1-0

[Event "St Petersburg March op"]
[Site "St Petersburg"]
[Date "2008.03.30"]
[Round "9"]
[White "Sinajskij, Anatolij"]
[Black "Anosov, Sergey"]
[Result "1-0"]
[WhiteElo "2104"]
[BlackElo "2070"]
[PlyCount "113"]
[EventDate "2008.03.22"]
[EventType "swiss"]
[EventRounds "9"]
[EventCountry "RUS"]
[SourceTitle "EXT 2010"]
[Source "ChessBase"]
[SourceDate "2010.11.25"]
[SourceVersion "1"]
[SourceVersionDate "2010.11.25"]
[SourceQuality "1"]

1. d4 Nf6 2. c4 c5 3. d5 b5 4. Nf3 bxc4 5. Nc3 d6 6. e4 g6 7. Bxc4 Bg7 8. 0-0 0-0 9. a4 a5 10. Re1 Nbd7 11. h3 Nb6 12. Bb5 Bb7 13. Bf4 Nfd7 14. Qd2 Ba6 15. Bh6 Nc4 16. Bxc4 Bxc4 17. Bxg7 Kxg7 18. e5 Nxe5 19. Nxe5 dxe5 20. Re4 Ba6 21. Rae1 Ra7 22. Rh4 h5 23. Rxh5 Rh8 24. Rhxe5 Qd6 25. Qe3 Kf8 26. f4 Qc7 27. Ne4 c4 28. Nc5 Bc8 29. Qd4 Rh4 30. d6 Qxd6 31. Rd5 Qf6 32. Qxf6 exf6 33. Rd8+ Kg7 34. Rxc8 Rxf4 35. Re4 Rf5 36. Rxc4 Rd5 37. Rc2 Rd4 38. Rc6 f5 39. b3 Re7 40. Rf2 Rd1+ 41. Kh2 Kh6 42. Rxf5 Rc1 43. Rff6 Rd1 44. Rf4 Re2 45. Nb7 Rdd2 46. Rg4 Rd5 47. Rc5 Rd1 48. Rc6 Rd5 49. b4 axb4 50. Rxb4 f5 51. Rbb6 Rdd2 52. Rxg6+ Kh7 53. Rh6+ Kg7 54. Rbg6+ Kf8 55. Rf6+ Kg7 56. Rhg6+ Kh7 57. Rg5 1-0

[Event "St Petersburg March op"]
[Site "St Petersburg"]
[Date "2008.03.28"]
[Round "7"]
[White "Sinajskij, Anatolij"]
[Black "Potyavin, Igor"]
[Result "0-1"]
[WhiteElo "2104"]
[BlackElo "2059"]
[PlyCount "92"]
[EventDate "2008.03.22"]
[EventType "swiss"]
[EventRounds "9"]
[EventCountry "RUS"]
[SourceTitle "EXT 2010"]
[Source "ChessBase"]
[SourceDate "2010.11.25"]
[SourceVersion "1"]
[SourceVersionDate "2010.11.25"]
[SourceQuality "1"]

1. d4 d5 2. c4 dxc4 3. Nf3 c6 4. g3 Nf6 5. Bg2 Qa5+ 6. Nc3 Ne4 7. 0-0 Nxc3 8. bxc3 Qxc3 9. Bd2 Qa3 10. Qc2 e6 11. Ne5 Be7 12. Be4 f5 13. Nxc4 Qa6 14. Bd3 b5 15. Ne5 Qb7 16. e4 g6 17. exf5 gxf5 18. Bh6 Bf8 19. Bf4 Bg7 20. Rfe1 0-0 21. Rac1 a5 22. g4 Nd7 23. Nxc6 Nf6 24. gxf5 Kh8 25. Qe2 Nd5 26. Be5 Rg8 27. Kf1 exf5 28. Bxb5 f4 29. Bxg7+ Qxg7 30. Qe5 Nf6 31. Ke2 Re8 32. Rg1 Rxe5+ 33. Nxe5 Qe7 34. Kd1 Be6 35. Nc6 Qd6 36. Re1 Bd7 37. Rc4 Rc8 38. Ne5 Rf8 39. Ba6 Be6 40. Rc6 Qxd4+ 41. Bd3 Bxa2 42. Kd2 Bd5 43. Rc7 Ne4+ 44. Rxe4 Bxe4 45. Rc4 Qb2+ 46. Rc2 Qxe5 0-1

[Event "St Petersburg March op"]
[Site "St Petersburg"]
[Date "2008.03.24"]
[Round "3"]
[White "Sinajskij, Anatolij"]
[Black "Bragina, Anastasia"]
[Result "1/2-1/2"]
[WhiteElo "2104"]
[BlackElo "2042"]
[PlyCount "88"]
[EventDate "2008.03.22"]
[EventType "swiss"]
[EventRounds "9"]
[EventCountry "RUS"]
[SourceTitle "EXT 2010"]
[Source "ChessBase"]
[SourceDate "2010.11.25"]
[SourceVersion "1"]
[SourceVersionDate "2010.11.25"]
[SourceQuality "1"]

1. d4 d5 2. c4 e6 3. Nf3 Nf6 4. g3 dxc4 5. Qa4+ Bd7 6. Qxc4 Bc6 7. Bg2 Bd5 8. Qd3 Be4 9. Qe3 Nc6 10. 0-0 Bxf3 11. Bxf3 Nxd4 12. Bxb7 Rb8 13. Be4 Ng4 14. Qd3 Ne5 15. Qd1 Bc5 16. e3 Nb5 17. Qc2 Nd7 18. Bxh7 g6 19. Bxg6 fxg6 20. Qxg6+ Kf8 21. e4 Qf6 22. Qxf6+ Nxf6 23. Nd2 Nd4 24. Kg2 Ne2 25. Nb3 Bb6 26. f3 Nxc1 27. Raxc1 Ke7 28. Nd2 Nd7 29. Nc4 Bd4 30. b3 c5 31. Rc2 Rh5 32. f4 Nf6 33. Kf3 Rg8 34. h4 Ng4 35. Rd1 e5 36. f5 Rh7 37. Rh1 Nf6 38. Nd2 Rhg7 39. Rh3 Rg4 40. Rc1 Nh5 41. Nf1 Nf4 42. Rh2 Nh5 43. Rg2 Nf4 44. Rh2 Nh5 1/2-1/2

[Event "St Petersburg White Nights CYSS op"]
[Site "St Petersburg"]
[Date "2007.06.03"]
[Round "2"]
[White "Sinajskij, Anatolij"]
[Black "Fedoseev, Sergey"]
[Result "0-1"]
[WhiteElo "2097"]
[BlackElo "2260"]
[PlyCount "58"]
[EventDate "2007.06.02"]
[EventType "swiss"]
[EventRounds "9"]
[EventCountry "RUS"]
[SourceTitle "EXT 2022"]
[Source "ChessBase"]
[SourceDate "2021.10.06"]
[SourceVersion "1"]
[SourceVersionDate "2021.10.06"]
[SourceQuality "1"]

1. Nf3 Nf6 2. d4 g6 3. c4 Bg7 4. Nc3 0-0 5. e3 d6 6. Be2 Nbd7 7. 0-0 e5 8. Qc2 Re8 9. Rd1 e4 10. Nd2 Qe7 11. b4 Nf8 12. Nd5 Nxd5 13. cxd5 Bf5 14. Bb2 h5 15. Rac1 Rac8 16. b5 h4 17. Nc4 Qg5 18. Bf1 Bd7 19. Na5 h3 20. g3 Qxd5 21. Qb3 Qf5 22. Nxb7 Ne6 23. Na5 a6 24. a4 axb5 25. axb5 Ng5 26. Rc2 Nf3+ 27. Kh1 Rb8 28. Bc4 Bxb5 29. Qc3 d5 0-1